000 01150nam a2200289Ia 4500
001 ebr10185527
003 CaPaEBR
006 m u
007 cr cn|||||||||
008 070112s2007 enk s 000 0 eng d
020 _z9781846634062
040 _aCaPaEBR
_cCaPaEBR
035 _a(OCoLC)182760999
050 1 4 _aHD9980.5
_b.I68 2007eb
245 0 0 _aInternationalization of service firms
_h[electronic resource] /
_cguest editors Levent Altinay and Angela Roper.
260 _aBradford :
_bEmerald Group Press,
_cc2007.
300 _a109 p.
490 0 _aInternational journal of service industry management ;
_v18, no. 2
533 _aElectronic reproduction.
_bPalo Alto, Calif. :
_cebrary,
_d2009.
_nAvailable via World Wide Web.
_nAccess may be limited to ebrary affiliated libraries.
650 0 _aService industries
_xManagement.
650 0 _aGlobalization.
655 7 _aElectronic books.
_2local
700 1 _aAltinay, Levent.
700 1 _aRoper, Angela.
710 2 _aebrary, Inc.
856 4 0 _uhttp://site.ebrary.com/lib/rucke/Doc?id=10185527
_zAn electronic book accessible through the World Wide Web; click to view
999 _c144563
_d144563